| 000 | 00548nam a22001817a 4500 | ||
|---|---|---|---|
| 999 |
_c8865 _d8865 |
||
| 008 | 210302b ||||| |||| 00| 0 eng d | ||
| 040 | _aBMS College of Architecture | ||
| 100 | _aJoshi, Nagalaxmi | ||
| 245 | _aOld age and orphanage | ||
| 300 | _a55p. | ||
| 500 | _a1BM10AT039 | ||
| 502 |
_8B.Arch _NBMS College of Architecture, Visvesvaraya Technological University (VT) _aProject Report _d2014 |
||
| 650 | _aHome | ||
| 700 |
_aBhaghyalaxmi M _eGuide |
||
| 700 |
_aDakshayini R Patil _eGuide |
||
| 700 |
_aShanthala V _eGuide |
||
| 942 |
_2ddc _cTHE |
||